01261nas a2200361 4500001001300000003000900013005001700022007000300039008003400042040005400076041000900130072000800139100002100147100001800168100001700186100001600203100002000219100002000239245010800259650001100367650003100378650001700409650001900426650001300445650001400458650002300472773009500495856007500590909004000665942001800705999001900723952015700742BR2019000857BR-BrBNA20231205131827.0ta230509b bl.|||p| |||| 00| 00por d aBR-BrBNAbporcBiblioteca Nacional de Agricultura a(Pt) aF611 aMartinazzo, E.G.1 aPerboni, A.T.1 aTejada, M.T.1 aPosso, D.A.1 aGaldino, A.C.S.1 aBacarin, M.A. 1 aEfeito da aplicação de nitrogênio e de piraclostrobina em plantas de tomateiro cultivar Micro-Tom aTOMATE aABSORÇÃO DE NUTRIENTES aNITROGÊNIO aFOTOSSÍNTESE aPIGMENTO aFUNGICIDA aFISIOLOGIA VEGETAL0 tRevista Ceres (Brazil)xISSN 2177-3491 g(Sep-Oct 2016), v. 63(5) p. 676-682wBR201900085740uhttp://www.scielo.br/pdf/rceres/v63n5/2177-3491-rceres-63-05-00676.pdf a202311bLúciac55dLúcia Elande 2AGRISn0cANA c256935d256935 002AGRIS4071a41918b41918cPeriódicos Agrícolash(Sep-Oct 2016), v. 63(5) p. 676-682l0r2023-11-29t01yCRePortaria Interministerial nº 164/94